Automatic process control for chemical engineers (Record no. 25223)

000 -LEADER
fixed length control field 00528nam a2200193 4500
001 - CONTROL NUMBER
control field 25223
003 - CONTROL NUMBER IDENTIFIER
control field BD-DhUET
008 - FIXED-LENGTH DATA ELEMENTS--GENERAL INFORMATION
fixed length control field 150304b1956 xxu||||| |||| 00| 0 eng d
040 ## - CATALOGING SOURCE
Original cataloging agency DLC
Transcribing agency DLC
Modifying agency BD-DhUET
082 ## - DEWEY DECIMAL CLASSIFICATION NUMBER
Classification number 660.28
Item number CEA/1956
100 ## - MAIN ENTRY--PERSONAL NAME
Personal name Ceaglaske, Norman H.
245 ## - TITLE STATEMENT
Title Automatic process control for chemical engineers
250 ## - EDITION STATEMENT
Edition statement 1st ed.
260 ## - PUBLICATION, DISTRIBUTION, ETC. (IMPRINT)
Place of publication, distribution, etc. New Delhi
Name of publisher, distributor, etc. Wiley Eastern
Date of publication, distribution, etc. 1956
300 ## - PHYSICAL DESCRIPTION
Extent xiv, 228 p.
Other physical details ill.
Dimensions 23 cm.
504 ## - BIBLIOGRAPHY, ETC. NOTE
Bibliography, etc Includes bibliographies
650 #0 - SUBJECT ADDED ENTRY--TOPICAL TERM
Topical term or geographic name as entry element Chemical engineering
942 ## - ADDED ENTRY ELEMENTS (KOHA)
Koha item type General Book
Holdings
Koha date last seen Koha full call number Price effective from Koha normalized classification for sorting Date acquired Damaged status Shelving location Piece designation (barcode) Not for loan Location (home branch) Sublocation or collection (holding branch) Lost status Copy number Withdrawn status Koha item type Source of classification or shelving scheme
2015-05-13660.28/CEA/19562015-05-13660_280000000000000_CEA_19562015-05-13 Circulation section32624 Central Library, BUETCentral Library, BUET 1 General Book 
2015-05-13660.28/CEA/19562015-05-13660_280000000000000_CEA_19562015-05-13 Circulation section32623 Central Library, BUETCentral Library, BUET 2 General Book 
2015-05-13660.28/CEA/19562015-05-13660_280000000000000_CEA_19562015-05-13 Circulation section32622 Central Library, BUETCentral Library, BUET 3 General Book 
2015-05-13660.28/CEA/19562015-05-13660_280000000000000_CEA_19562015-05-13 Circulation section32621 Central Library, BUETCentral Library, BUET 4 General Book 
2015-05-13660.28/CEA/19562015-05-13660_280000000000000_CEA_19562015-05-13 Circulation section20928 Central Library, BUETCentral Library, BUET 5 General Book 
2015-05-13660.28/CEA/19562015-05-13660_280000000000000_CEA_19562015-05-13 Circulation section37310 Central Library, BUETCentral Library, BUET 6 General Book 
2015-05-13660.28/CEA/19562015-05-13660_280000000000000_CEA_19562015-05-13 Circulation section32625 Central Library, BUETCentral Library, BUET 7 General Book 
2015-05-13660.28/CEA/19562015-05-13660_280000000000000_CEA_19562015-05-13 Circulation section11145 Central Library, BUETCentral Library, BUET 8 General Book 
2015-05-13660.28/CEA/19562015-05-13660_280000000000000_CEA_19562015-05-13 Circulation section11148 Central Library, BUETCentral Library, BUET 9 General Book 
2015-05-13660.28/CEA/19562015-05-13660_280000000000000_CEA_19562015-05-13 Circulation section11144 Central Library, BUETCentral Library, BUET 10 General Book 
2015-05-13660.28/CEA/19562015-05-13660_280000000000000_CEA_19562015-05-13 Circulation section12431 Central Library, BUETCentral Library, BUET 11 General Book 
2015-05-13660.28/CEA/19562015-05-13660_280000000000000_CEA_19562015-05-13 Circulation section10151 Central Library, BUETCentral Library, BUET 12 General Book